Sitting duck / (Record no. 2064)

MARC details
000 -LEADER
fixed length control field 00672nam a22002537a 4500
005 - DATE AND TIME OF LATEST TRANSACTION
control field 20231103102038.0
020 ## - INTERNATIONAL STANDARD BOOK NUMBER
International Standard Book Number 9780545365666
040 ## - CATALOGING SOURCE
Original cataloging agency FISKH
Language of cataloging eng
Transcribing agency FISKH
Modifying agency FISKH
050 ## - LIBRARY OF CONGRESS CALL NUMBER
Classification number PZ7.U6378
082 ## - DEWEY DECIMAL CLASSIFICATION NUMBER
Classification number 156
100 ## - MAIN ENTRY--PERSONAL NAME
Personal name Urbanovic, Jackie
245 ## - TITLE STATEMENT
Title Sitting duck /
Statement of responsibility, etc. Jackie Urbanovic
260 ## - PUBLICATION, DISTRIBUTION, ETC.
Name of publisher, distributor, etc. Scholastic,
Date of publication, distribution, etc. 2010
Place of publication, distribution, etc. New York :
300 ## - PHYSICAL DESCRIPTION
Extent 38 unnumbred pages :
Dimensions 23 cm
505 ## - FORMATTED CONTENTS NOTE
Formatted contents note H
520 ## - SUMMARY, ETC.
Summary, etc. Max the duck volunteers to babysit for puppy Anabel, unaware of all the mischief a puppy can get into.
521 ## - TARGET AUDIENCE NOTE
Target audience note 500
Source Lexile
521 ## - TARGET AUDIENCE NOTE
Target audience note H
Source Raz-Plus
650 ## - SUBJECT ADDED ENTRY--TOPICAL TERM
Topical term or geographic name entry element Puppy
650 ## - SUBJECT ADDED ENTRY--TOPICAL TERM
Topical term or geographic name entry element Duck
650 ## - SUBJECT ADDED ENTRY--TOPICAL TERM
Topical term or geographic name entry element Dog
942 ## - ADDED ENTRY ELEMENTS (KOHA)
Source of classification or shelving scheme Dewey Decimal Classification
Koha item type Books
Suppress in OPAC No
999 ## -
-- 2064
-- 2064
Holdings
Withdrawn status Lost status Source of classification or shelving scheme Damaged status Not for loan Collection Home library Current library Shelving location Date acquired Total Checkouts Full call number Barcode Date last seen Date last checked out Price effective from Koha item type Copy number
    Dewey Decimal Classification     Juvenile Fiction Footprints International School Library Network Toul Kork Campus Footprints International School Library Network Toul Kork Campus TK Primary Library Room(4th Floor), Bookcase 1&2, Shelves 1-16, Dark Blue Books 11/03/2023 4 URB 156 PZ7.U6378 FISTK02489 10/08/2025 09/17/2025 11/03/2023 Books  
    Dewey Decimal Classification     Juvenile Fiction Footprints International School Library Network Toul Kork Campus Footprints International School Library Network Toul Kork Campus TK Primary Library Room(4th Floor), Bookcase 1&2, Shelves 1-16, Dark Blue Books 10/30/2024 3 URB 156 PZ7.U6378 2024-2254 04/23/2026 04/09/2026 10/30/2024 Books 2
    Dewey Decimal Classification     Juvenile Fiction Footprints International School Library Network Toul Tom Poung Campus Footprints International School Library Network Toul Tom Poung Campus TTP Primary Dark Blue Bookshelves 03/24/2026   URB 156 PZ7.U6378 FIS02172 03/24/2026   03/24/2026 Books 3